书目信息 |
| 书名: | Flesh and bone | |
| 作者: | Jefferson Bass | |
| 分册号: | ||
| 分册名: | 出版地: | New York |
|
| 出版社: | Harper | |
| 出版时间: | 2007. | |
| 页数: | 337p | |
| 开本: | 16cm | |
| 丛书名: | ||
| 中图分类号: | ||
| 科图分类号: | ||
| 其他分类号: | I712.4 | |
| 主题词: | ||
| 电子资源: | ||
| 000 | 00373nam0 2200145 450 | |
| 001 | 202012001610 | |
| 005 | 20121110163558.0 | |
| 008 | 12111001s | |
| 020 | @a9780060759841@c$7.99 | |
| 099 | @dI712.4@eJ454 | |
| 245 | 10 | @aFlesh and bone @cJefferson Bass |
| 260 | 0 | @aNew York@b Harper@c2007. |
| 300 | @a337p@c16cm | |
| 905 | @b11002 | |
| 905 | @aTSG@dI712.4@eJ454 | |
| Flesh and bone / Jefferson Bass.-New York : Harper , 2007. |
| 337p ; 16cm |
| ISBN 9780060759841$7.99 |
| ● |
| 相关链接 |
|
|
|
正题名:Flesh and bone
索取号:I712.4/J454
 
预约/预借
| 序号 | 登录号 | 条形码 | 馆藏地/架位号 | 状态 | 备注 |